|
|
|
|
| LEADER |
00000nam a2200000 a 4500 |
| 001 |
vtls009145479 |
| 003 |
SK-MaSNL |
| 005 |
20260301093956.0 |
| 008 |
240318s2007 xo l d p 000 0 slo |
| 015 |
|
|
|a SNBA2007/10-04937
|
| 020 |
|
|
|a 9788022817554
|q (brož.)
|
| 035 |
|
|
|a A947A009-7873-4014-A1ED-3F2BDBBFD2B2
|
| 035 |
|
|
|a urn:nbn:sk:snk-amktgp
|
| 035 |
|
|
|a urn:nbn:sk:snk-am00562i
|
| 040 |
|
|
|a SNK
|b slo
|c SNK
|e AACR2
|
| 041 |
0 |
|
|a slo
|
| 044 |
|
|
|a xo
|c SK
|
| 072 |
|
7 |
|a 674
|x Drevo. Drevársky priemysel
|2 konspekt
|
| 072 |
|
7 |
|a 684
|x Nábytkársky priemysel
|2 konspekt
|
| 080 |
|
|
|a 674.02
|2 2001
|
| 080 |
|
|
|a 684.4
|2 2001
|
| 080 |
|
|
|a 658.51
|2 2001
|
| 080 |
|
|
|a (075.8)
|2 2001
|
| 100 |
1 |
|
|a Zemiar, Ján,
|d 1945-
|4 aut
|9 105912
|
| 245 |
1 |
0 |
|a Technológia druhostupňového spracovania dreva
|n Časť I.
|p Technológia výroby nábytku
|c Ján Zemiar
|
| 246 |
3 |
0 |
|a Technológia výroby nábytku
|
| 250 |
|
|
|a 1. vyd.
|
| 260 |
|
|
|a Zvolen
|b Technická univerzita
|c 2007
|
| 300 |
|
|
|a 144 s.
|b tab., sch.
|c 29 cm
|
| 366 |
|
|
|e 300 výtl.
|
| 500 |
|
|
|a Vydané pre potreby Referátu dištančného vzdelávania Drevárskej fakulty TU
|
| 504 |
|
|
|a Bibliogr. s. 136-137
|
| 521 |
|
|
|a Glosár
|
| 650 |
0 |
7 |
|a spracovanie dreva
|2 SNKPH
|9 3561
|
| 650 |
0 |
7 |
|a výroba nábytku
|2 SNKPH
|9 51318
|
| 650 |
0 |
7 |
|a technologické procesy
|2 SNKPH
|9 28633
|
| 655 |
|
7 |
|a učebnice vysokých škôl
|2 SNKPH
|9 70191
|
| 919 |
|
|
|a 978-80-228-1755-4
|
| 958 |
|
|
|a NB
|
| 968 |
|
|
|d 66/69
|
| 999 |
|
|
|c 678813
|d 680743
|
| 952 |
|
|
|a SNK
|b SNK
|y PREZ
|7 0
|p 17A0564230
|o snkSB 74973/1
|i snk2007/21404
|8 0
|0 0
|1 0
|4 0
|d 2007-10-02
|f 1
|l 0
|r 2025-04-25 00:00:00
|w 2026-02-23
|
| 952 |
|
|
|a SNK
|b SNK
|y VYP
|7 0
|p 17A0564231
|o snkSB 74973/1 D1
|i snk2007/21405
|8 0
|0 0
|1 0
|4 0
|d 2007-10-02
|l 0
|r 2016-06-30 00:00:00
|w 2026-02-23
|